Plantilla del campeon - Mundial FIFA (3) - Estadísticas

Estadísticas generales
  • Esta prueba ha sido intentada 472 veces
    392 desde el último reinicio
  • La puntuación promedio es 36 de 49
Estadísticas de respuestas
Pos. Jugador Equipo % Correcto
POR(c) Hugo Lloris Tottenham
97%
POR Emiliano Martinez Aston Villa
95%
DEL Kylian Mbappe PSG
94%
DEL Lautaro Martinez Inter
94%
DEL Lionel Messi PSG
94%
DEL Antoine Griezmann Atl.Madrid
90%
DEF Lisandro Martinez Manchester United
90%
DEL Julian Alvarez Manchester City
89%
DEL Paulo Dybala Roma
89%
DEL Ousmane Dembele Barcelona
88%
MED Paul Pogba Manchester United
87%
MED Rodrigo De Paul Atletico Madrid
87%
MED Alexis Mac Allister Brighton
86%
DEF Samuel Umtiti Barcelona
86%
DEL Angel Di Maria Juventus
85%
DEF Raphael Varane Real Madrid
85%
DEL Angel Correa Atletico Madrid
84%
MED N'golo Kante Chelsea
84%
DEF Nicolas Otamendi Benfica
83%
DEF Cristian Romero Tottenham
82%
POR Geronimo Rulli Villarreal
81%
DEF Juan Foyth Villarreal
81%
DEL Olivier Giroud Chelsea
81%
DEF Nahuel Molina Atletico Madrid
80%
POR Franco Armani River Plate
79%
DEF Benjamin Pavard Stuttgart
78%
MED Enzo Fernandez Benfica
78%
MED Marcos Acuña Sevilla
78%
DEF Nicolas Tagliafico Lyon
77%
DEF Gonzalo Montiel Sevilla
76%
DEF German Pezzella Betis
75%
MED Guido Rodriguez Betis
72%
DEF Presnel Kimpembe PSG
70%
POR Steve Mandanda Marsella
69%
DEF Benjamin Mendy Manchester City
68%
MED Leandro Paredes Juventus
68%
DEF Lucas Hernandez Atl.Madrid
66%
MED Exequiel Palacios Bayer Leverkusen
64%
MED Papu Gomez Sevilla
64%
POR Alphonse Areola PSG
63%
MED Blaise Matuidi Juventus
62%
MED Thiago Almada Atlanta United FC
58%
MED Corentin Tolisso Bayern Munich
48%
MED Steven Nzonzi Sevilla
45%
DEL Thomas Lemar Monaco
45%
DEL Nabil Fekir Lyon
37%
DEF Djibril Sidibe Monaco
36%
DEF Adil Rami Marsella
33%
DEL Florian Thauvin Marsella
32%
No se encontraron pruebas coincidentes
Distribución de puntuación
Porcentaje de gente con cada puntuación
Porcentaje por número respondido
Historial de tus puntuaciones
No has intentado esta prueba desde el último reinicio